Homonyms Quiz #3 - Statistics

General Stats
  • This quiz has been taken 70,662 times
    70,643 since last reset
  • The average score is 14 of 20
Answer Stats
Meaning #1 Meaning #2 Answer % Correct
Sense of self-worth Group of lions Pride
90%
Student Eye part Pupil
90%
Lock opener Piano part Key
87%
Unit of bread To laze about Loaf
83%
River's edge Money storage location Bank
82%
Seat of government Uppercase letter Capital
81%
To bombard Turtle's carapace Shell
80%
Timepiece To look at Watch
79%
Pelvis part Trendy Hip
76%
Type of precipitation To salute or praise Hail
72%
Leaf gathering device Cad Rake
72%
Charge to enter a club To record another musician's song Cover
71%
Metallic element Slang for police officer Copper
70%
Barrel Percussion instrument Drum
66%
Part of the year To flavor Season
65%
Ursine animal Stock market pessimist Bear
64%
Book part Teenager who assists at Congress Page
63%
Offspring born at the same time To improperly dispose of trash Litter
61%
To fish Geometric property Angle
40%
To raise Butt Rear
32%
No matching quizzes found
Score Distribution
Percent of People with Each Score
Percentile by Number Answered
Your Score History
You have not taken this quiz since the last reset